Statistics for The John Howard Premiership

Click here to take the quiz!

General Stats

  • This quiz has been taken 14 times
  • The average score is 17 of 20

Answer Stats

HintAnswer% Correct
Maintained a strong friendship with this US presidentGeorge W. Bush
100%
Kevin Rudd
100%
His political partyLiberal Party of Australia
100%
Failed 1999 referendum that would make Australia a ________Republic
100%
Introduced this controversial new taxGoods and Services Tax
92%
Passed sweeping gun control reforms after this mass shooting{Port} {Arthur} Massacre
92%
His middle name was inspired by this famous conservativeWinston Churchill
92%
Election OpponentsBob Hawke
85%
Launched a peace-keeping mission in this country after it declared independenceEast Timor
85%
Kim Beazley
85%
Served as treasurer under this Prime MinisterMalcolm Fraser
85%
Mark Latham
85%
Disendorsed this controversial Liberal candidate who would go on to found the One Nation PartyPauline Hanson
85%
Paul Keating
85%
His treasurerPeter Costello
85%
Nickname given to his working-class voting baseBattlers
77%
Seat that he represented, which he lost in 2007Bennelong
77%
Joined the US in this global counter-terrorism campaignWar on Terror
69%
Unpopular industrial-relations laws that he passed during his fourth termWorkChoices
62%
Introduced this policy for processing asylum seekers{Pacific} Solution
54%

Score Distribution

Percentile by Number Answered

Percent of People with Each Score

Your Score History

You have not taken this quiz